Bush savaşta (Record no. 3317)

MARC details
000 -BAŞLIK
Sabit Uzunlukta Kontrol Alanı 00756na a2200277 4500
001 - KONTROL NUMARASI
Denetim Alanı 14351
003 - KONTROL NUMARASI IDENTIFIER
Denetim Alanı MIRAKIL
005 - SON İŞLEM TARİHİ VE ZAMANI
Denetim Alanı 20181213154928.0
008 - SABİT-BOY VERİ ELEMANLARI - GENEL BİLGİLER
Sabit Uzunlukta Kontrol Alanı 160904b tu 000 0
020 ## - ULUSLARARASI STANDART KİTAP NUMARASI
Uluslararası Standart Kitap Numarası 9755094229
035 ## - SİSTEM KONTROL NUMARASI
Sistem Kontrol Numarası 14351
040 ## - KATALOGLAMA KAYNAK
Orijinal Kataloglama Ajansı Milas
Kataloglama Dili tur
Metne Dönüştürmek Ajansı TR-AnCHP
082 ## - DEWEY ONLU SINIFLANDIRMA NUMARASI
Sınıflandırma Numarası 303.625
Ürün Numarası W66b 2005
090 ## - SINIFLAMA NUMARASI
Sınıflama Numarası 303.625 W66b 2005
100 ## - ANA GİRİŞ - KİŞİSEL İSİM
Kişisel Ad Woodward, Bob
245 ## - BAŞLIK TABLOSU
Başlık Bush savaşta
Sorumluluk Tablosu, Vb Bob Woodward ; çeviri : Şefika Kamcez ; editör : Melih Pekdemir
260 ## - YAYIN, DAĞITIM, VB
Yayın, Dağıtım, Vb Yeri Ankara
Yayıncı, Dağıtıcı, Vs Adı Arkadaş
Yayın, Dağıtım, Vb Tarihi 2005
300 ## - FİZİKSEL TANIM
Kapsam 413 s.
Diğer Fiziksel Ayrıntıları fotg.
Boyutlar 19 sm.
500 ## - GENEL NOT
Genel Not Dizin var.
650 ## - KONU KATMA GİRİŞ - TOPİKAL DÖNEM
Topikal Süreli Veya Coğrafi Ad Giriş Elemanı Siyasetçiler
Genel Alt Bölümü ABD
650 ## - KONU KATMA GİRİŞ - TOPİKAL DÖNEM
Topikal Süreli Veya Coğrafi Ad Giriş Elemanı Afganistan Savaşı
Genel Alt Bölümü ABD
650 ## - KONU KATMA GİRİŞ - TOPİKAL DÖNEM
Topikal Süreli Veya Coğrafi Ad Giriş Elemanı Terörizm
Genel Alt Bölümü ABD
700 ## - KATMA GİRİŞ - KİŞİSEL İSİM
Kişisel Ad Pekdemir, Melih
700 ## - KATMA GİRİŞ - KİŞİSEL İSİM
Kişisel Ad Kamcez, Şefika
942 ## - EKLENDİ GİRİŞ ELEMANLARI (KOHA)
Sınıflandırma Veya Raf Düzeni Kaynak Dewey Decimal Classification
Koha Öğesi Türü Books
999 ## - SİSTEM KONTROL NUMARALARI (KOHA)
Koha Biblionumber 3317
Koha Biblioitemnumber 3317
Holdings
Kalıcı Konum Mevcut Konum Edinme Tarihi Edinim Kaynak Toplam Check-Out'Lar Tam Çağrı Numarası Barkod Tarih Son Görülme İtibaren Geçerli Fiyatlar Koha Öğesi Türü
CHP Kütüphanesi CHP Kütüphanesi 08/26/2016 Bağış   303.625 W66b 2005 001877 08/26/2016 08/26/2016 Books